| 000 | 00652nam a2200217 i 4500 | ||
|---|---|---|---|
| 001 | bg | ||
| 100 | 1 | _aKRUPA, Marek | |
| 245 | 0 |
_aElektrotechnika z elementami elektroniki : _bteksty techniczne do nauki języka niemieckiego / _cMarek Krupa ; Politechnika Częstochowska. |
|
| 260 |
_aCzęstochowa : _bPC, _c1977. |
||
| 521 | _aDla studentów Wydziału Elektrycznego. | ||
| 650 | 9 | _aJęzyk niemiecki | |
| 650 | 9 | _aElektrotechnika | |
| 650 | 9 | _aElektronika | |
| 650 | 4 | _aPodręczniki akademickie | |
| 040 | _cBPK | ||
| 041 | _apol | ||
| 080 | _a621.3:811.112 | ||
| 080 | _a(075.8) | ||
| 942 | _cKS | ||
| 008 | s pl f |000 0 pol | ||
| 999 |
_c27693 _d27693 |
||
| 856 |
_uhttp://koha.tu.koszalin.pl/cgi-bin/koha/opac-detail.pl?biblionumber=27693 _yKatalog online BPK |
||